000 00725nam a2200229Ia 4500
003 OSt
005 20220923224133.0
006 a|||||r|||| 00| 0
007 ta
008 220922b |||||||| |||| 00| 0 pan d
024 _a226,297
037 _cTextual
040 _aARTS
_cARTS
_bpan
041 _2pan
_apan
082 _aP153, 153P4
100 _aਜੋFੀ, ਜੀਤ ਸਿੰਘ
_9156762
245 0 _aਪੰਜਾਬੀ ਭਾFਾ ਅਤੇ ਲੋਕਧਾਰਾ
260 _aਅੰਮ੍ਰਿਤਸਰ
_b ਵਾਰਿਸ Fਾਹ ਫਾਊਜ਼ਡੇFਨ
_c2004
300 _a144ਪੰ
_ccm.
942 _hP153, 153P4
_cTEXL
_2CC
999 _c369454
_d369454